Statistiques concernant Les noms d'oiseaux par lettres -G

Cliquez ici pour prendre le quiz!

Statistiques générales

  • Ce quiz a été pris 44 fois
  • Le résultat moyen est 16 sur 50

Statistiques - réponses

Réponse% Correct
Goéland
97%
Grue
91%
Geai
86%
Grand-duc
80%
Grive
77%
Guêpier
66%
Gypaète
66%
Grèbe
63%
Gros-bec
60%
Gallinule
57%
Gravelot
57%
Gorfou
54%
Guifette
54%
Géocoucou
51%
Grimpereau
51%
Guillemot
51%
Gorgebleue
49%
Ganga
46%
Gobemouche
43%
Goura
40%
Gobemoucheron
37%
Grébifoulque
34%
Gélinote
31%
Grimpar
31%
guacharo
31%
Guira
31%
Guit-guit
31%
Grisin
26%
Garrot
20%
Glaréole
14%
Gygis
14%
Goglu
11%
Grand-verdier
11%
Grallaire
6%
Géospize
3%
Gallicolombe
0%
Galloperdrix
0%
Gaucho
0%
Géopélie
0%
Géositte
0%
Gérygone
0%
Gladiateur
0%
Glaucope
0%
Gonolek
0%
Goulin
0%
Graminicole
0%
Granatelle
0%
Guaiabero
0%
Guiraca
0%
Gymnogène
0%

Distribution des résultats

Percentile par nombre de réponses

% des personnes avec chaque résultat

Votre développement - résultats

Vous n’avez pas pris ce quiz